000 00803nam a22002535a 4500
999 _c41344
_d41344
001 16936275
003 OSt
005 20210720120629.0
008 110826s2011 cau 000 0 eng
010 _a 2011937546
020 _a9781285062969
040 _aDLC
_cDLC
042 _apcc
082 _a150
_bWEI/P
100 1 _aWeiten, Wayne,
_98647
_d1950-
245 1 0 _aPsychology :
_bthemes & variations /
_cWayne Weiten; [edited by] Jon-David Hague, Trina Tom, Kristin Makarewyck.
250 _aAdvanced Placement 9th Ed.
260 _aBelmont, CA :
_bCengage/Wadsworth,
_c2011.
263 _a1111
300 _a535,A44,G9,R71,I26pages.
906 _a0
_bibc
_corignew
_d2
_eepcn
_f20
_gy-gencatlg
942 _2ddc
_cBK
_h150
_iWEI/P
_k150
_mWEI/P